| 000 | 00396 a2200145 4500 | ||
|---|---|---|---|
| 005 | 20250701080656.0 | ||
| 020 | _a978-1-1114-7113-2 | ||
| 100 | _aKELLER, G. | ||
| 245 | _aStatistics for management and Economics: With Student Solutions Manual, | ||
| 250 | _a8 th Ed. | ||
| 260 |
_bCENGAGE Leaning, _c2009. |
||
| 300 |
_axxii, 326p,: ill, figure, table _c24.5cm |
||
| 856 | _fCD | ||
| 942 |
_2ddc _cBKS |
||
| 999 |
_c6490 _d6490 |
||